Jihoafrická republika Podmínky pro obchod a podnikání
Ekonomika krajiny. Politický systém. Zahraničný obchod. Obchodné a diplomatické styky JAR a ČR. Financie, mena a bankový systém. Zahraničné investície. Dane. Clá, bezcolné zóny. Juhoafrický trh, perspektívy pre ČR.
Na minha lista:
| Autor principal: | |
|---|---|
| Outros Autores: | , |
| Formato: | Capítulo de Livro |
| Idioma: | tcheco |
| Assuntos: | |
| Tags: |
Sem tags, seja o primeiro a adicionar uma tag!
|
MARC
| LEADER | 00000naa a2200000 4500 | ||
|---|---|---|---|
| 001 | r021118 | ||
| 005 | 20230920092030.0 | ||
| 041 | 0 | |a cze | |
| 044 | |a CZ | ||
| 245 | 1 | 0 | |a Jihoafrická republika |b Podmínky pro obchod a podnikání |c J. Špott, Lidija Zunová, K. Dessieová |
| 520 | |a Ekonomika krajiny. Politický systém. Zahraničný obchod. Obchodné a diplomatické styky JAR a ČR. Financie, mena a bankový systém. Zahraničné investície. Dane. Clá, bezcolné zóny. Juhoafrický trh, perspektívy pre ČR. | ||
| 610 | 2 | 0 | |a situácia hospodárska |
| 610 | 2 | 0 | |a politika vnútorná |
| 610 | 2 | 0 | |a obchod zahraničný |
| 610 | 2 | 0 | |a financie |
| 610 | 2 | 0 | |a mena |
| 610 | 2 | 0 | |a bankovníctvo |
| 610 | 2 | 0 | |a investície zahraničné |
| 610 | 2 | 0 | |a dane |
| 610 | 2 | 0 | |a clá |
| 610 | 2 | 0 | |a trh vnútorný |
| 610 | 2 | 0 | |a Juhoafrická republika |
| 610 | 2 | 0 | |a Česko |
| 100 | 1 | |a Špott, J. | |
| 700 | 1 | |a Dessieová, K. | |
| 700 | 1 | |a Zunová, Lidija | |